Manchester United players in FUT 19 - Statistics

General Stats
  • This quiz has been taken 124 times
  • The average score is 22 of 35
Answer Stats
Rating Position Nation Answer % Correct
91 GK Spain David de Gea
100%
88 CM France Paul Pogba
97%
87 ST Belgium Romelu Lukaku
95%
87 LW Chile Alexis Sánchez
94%
86 CDM Serbia Nemanja Matic
94%
83/84 LW France Anthony Martial
93%
82 RB Ecuador Antonio Valencia
90%
82 ST England Marcus Rashford
90%
82 CM Brazil Fred
89%
82 CB Ivory Coast Eric Bailly
87%
83 RM Spain Juan Mata
87%
79 CB Sweden Victor Lindelöf
84%
78 LB England Luke Shaw
83%
82 CAM England Jesse Lingard
81%
80 GK Argentina Sergio Romero
81%
80 CB Argentina Marcos Rojo
78%
80 CB England Phil Jones
78%
82 CM Spain Ander Herrera
73%
81 CB England Chris Smalling
73%
71 CM Scotland Scott McTominay
71%
79 CM Belgium Marouane Fellaini
67%
76 LB Italy Matteo Darmian
67%
72 RB Portugal Diogo Dalot
65%
78 RM Brazil Andreas Pereira
56%
80 LB England Ashley Young
56%
71 GK Portugal Joel Pereira
56%
74 GK England Lee Grant
50%
65 LW Netherlands Tahith Chong
48%
66 CAM England Angel Gomes
34%
64 CB England Ro-Shaun Williams
13%
63 CDM Wales Regan Poole
7%
64 CM Scotland Ethan Hamilton
4%
65 CAM England Callum Gribbin
3%
64 ST England Joshua Bohui
3%
62 CM England Matty Willock
1%
No matching quizzes found
Score Distribution
Percent of People with Each Score
Percentile by Number Answered
Your Score History
You have not taken this quiz